Business Statistics (Record no. 282)

MARC details
000 -LEADER
fixed length control field 00407nam a22001697a 4500
005 - DATE AND TIME OF LATEST TRANSACTION
control field 20180522124651.0
008 - FIXED-LENGTH DATA ELEMENTS--GENERAL INFORMATION
fixed length control field 160429b xxu||||| |||| 00| 0 eng d
020 ## - INTERNATIONAL STANDARD BOOK NUMBER
ISBN 978-81-775-8654-1
041 ## - LANGUAGE CODE
Language code of text/sound track or separate title eng
082 ## - DEWEY DECIMAL CLASSIFICATION NUMBER
Item number 00855
Classification number 519.5
100 ## - MAIN ENTRY--AUTHOR NAME
Personal name Sharma, J.K.
245 ## - TITLE STATEMENT
Title Business Statistics
260 ## - PUBLICATION, DISTRIBUTION, ETC. (IMPRINT)
Place of publication Delhi
Name of publisher Dorling kindersley
Year of publication 2007
300 ## - PHYSICAL DESCRIPTION
Number of Pages 731
650 ## - SUBJECT ADDED ENTRY--TOPICAL TERM
Topical Term Management
942 ## - ADDED ENTRY ELEMENTS (KOHA)
Koha item type Books
Holdings
Lost status Damaged status Collection code Home library Current library Shelving location Date acquired Source of acquisition Full call number Accession Number Koha item type
    MANAGEMENT JRU Library JRU Library SHELF-75-B 29/04/2016 PURCHASE 519.5 00855 Books
    MANAGEMENT JRU Library JRU Library SHELF-75-B 29/04/2016 PURCHASE 519.5 00856 Books
    MANAGEMENT JRU Library JRU Library SHELF-75-B 29/04/2016 PURCHASE 519.5 00857 Books
    MANAGEMENT JRU Library JRU Library SHELF-75-B 29/04/2016 PURCHASE 519.5 00858 Books